Nomeie cada pokemon - Statistics

Estatísticas Gerais
  • Esse quiz foi jogado 226 vezes
  • A pontuação média é 10 de 13
Estatísticas das Respostas
Imagem Resposta % Correto
Pikachu
99%
Charizard
98%
Charmander
98%
Metapod
86%
Nidorino
76%
Fearow
72%
Golduck
72%
Machoke
70%
Horsea
63%
Shellder
62%
Vileplume
62%
Magneton
61%
Exeggcute
52%
Nenhum quiz correspondente encontrado
Distribuição das Pontuações
Porcentagem de Pessoas com Cada Pontuação
Percentil de Números Respondidos
Sua Pontuação Histórica
Você não jogou esse quiz